Central Library OPAC University of Rajshahi

Recent analytical developments in the petroleum industry / (Record no. 69412)

MARC details
000 -LEADER
fixed length control field 00770nam a2200229 a 4500
001 - CONTROL NUMBER
control field 69412
003 - CONTROL NUMBER IDENTIFIER
rucl marc code BD-RjUL
005 - DATE AND TIME OF LATEST TRANSACTION
control field 20211209081903.0
008 - FIXED-LENGTH DATA ELEMENTS--GENERAL INFORMATION
fixed length control field 770524s1974 enka b 101 0 eng
020 ## - INTERNATIONAL STANDARD BOOK NUMBER
International Standard Book Number 085334454X
035 ## - SYSTEM CONTROL NUMBER
System control number (BD-RjUL)69623
040 ## - CATALOGING SOURCE
Original cataloging agency DLC
Transcribing agency DLC
Modifying agency DLC
-- BD-RjUL
Language of cataloging eng
041 ## - LANGUAGE CODE
Language code of text/sound track or separate title eng
082 00 - DEWEY DECIMAL CLASSIFICATION NUMBER
Edition number 23
Classification number 665.5
Author mark and year REC 1974
245 10 - TITLE STATEMENT
Title Recent analytical developments in the petroleum industry /
Statement of responsibility, etc. edited by D. R. Hodges.
260 ## - PUBLICATION, DISTRIBUTION, ETC. (IMPRINT)
Place of publication, distribution, etc. Barking :
Name of publisher, distributor, etc. Applied Science Publishers [for] the Institute of Petroleum, Great Britain,
Date of publication, distribution, etc. 1974.
300 ## - PHYSICAL DESCRIPTION
Pagination ix, 337 p. :
Illustrations ill. ;
Size 23 cm.
504 ## - BIBLIOGRAPHY, ETC. NOTE
Bibliography, etc Includes bibliographical references and index.
650 #0 - SUBJECT ADDED ENTRY--TOPICAL TERM
Topical term or geographic name as entry element Petroleum
General subdivision Analysis
-- Congresses.
9 (RLIN) 205615
700 1# - ADDED ENTRY--PERSONAL NAME
Personal name Hodges, D. R.
942 ## - ADDED ENTRY ELEMENTS (KOHA)
Source of classification or shelving scheme Dewey Decimal Classification
Koha item type Books
Holdings
Lost status Source of classification or shelving scheme Damaged status Not for loan Collection code Permanent Location Current Location Shelving location Date acquired Source of acquisition Cost, normal purchase price Total Checkouts Full call number Date last seen Copy number Koha item type
  Dewey Decimal Classification   Not For Loan Non-fiction Central Library, University of Rajshahi Central Library, University of Rajshahi Reading Room 16/04/1977 Heffors 10.00   665.5 REC 1974 11/04/2017 C-1 Books